000 00442nam a2200181Ia 4500
003 GCL
008 140319s9999 xx 000 0 eng d
040 _aGCL /
_cGCL
082 0 4 _a743.5
_bS F
100 1 _aSTEPHEN, CHARLES
245 1 0 _aDRAW FIGURES IN ACTION /
_cSTEPHEN, CHARLES
260 _a[S.N] :
_bA AND C BLACK LIMITED ،
_c1991
300 _a48
650 0 4 _aDRAWING
650 0 4 _aARTS
650 0 4 _aFIGURES
942 _2ddc
_cBK
999 _c17424
_d17424